[Event "Aix les Bains op 1st"]
[Site "Aix les Bains"]
[Date "2014.08.10"]
[Round "4"]
[White "Boukhenfra, Alya"]
[Black "Desfonds, Sylvie"]
[Result "0-1"]
[WhiteElo "1199"]
[BlackElo "1687"]
[PlyCount "48"]
[EventDate "2014.08.10"]
[EventType "swiss"]
[EventRounds "7"]
[EventCountry "FRA"]
[SourceTitle "CBM 161 Extra"]
[Source "ChessBase"]
[SourceDate "2014.08.29"]
[SourceVersion "1"]
[SourceVersionDate "2014.08.29"]
[SourceQuality "1"]

1. b3 d5 2. Bb2 Nf6 3. g3 g6 4. Bg2 Bg7 5. a3 0-0 6. h3 c5 7. d3 Nc6 8. e3 e5 9. Ne2 Be6 10. Nd2 Qd7 11. 0-0 Bxh3 12. Bxh3 Qxh3 13. Nf3 h6 14. e4 dxe4 15. dxe4 Rad8 16. Qe1 Nxe4 17. Rd1 Rxd1 18. Qxd1 Rd8 19. Qe1 Nf6 20. b4 g5 21. Bxe5 Nxe5 22. Nh2 Nfg4 23. Nxg4 Nxg4 24. f3 Qh2# 0-1